000 00299 a2200133 4500
999 _c324265
_d324265
001 89192
003 NUST
082 _a808.83 KIR
100 _aKiran Azam
_99786
245 _a21 Grams
260 _aKarachi
_bRoyal Book Company
_c2013
300 _ax, 80p.
500 _aGeneral Books
942 _aCAE NUST
_cBK
_k808.83 KIR
_2ddc